000 00610nam a2200193Ia 4500
005 20260114185844.0
008 008 260114s9999 xx 000 0 eng d
020 _a9780755604845
037 _aEBOOK
040 _aCRL
_beng
_cCRL
041 _aeng
_2eng
084 _qCRL
100 _aTim Bergfelder and Sarah Street
_9875240
245 4 _aThe Titanic in Myth and Memory Representations in Visual and Literary Culture
260 _bBloomsbury
_c2004
856 _uhttps://doi.org/10.5040/9780755604845?locatt=label:secondary_bloomsburyCollections
942 _cEBOOK
999 _c1474174
_d1474174